000 00629nam a22001937a 4500
005 20251108170516.0
008 250721s1995 xx 000 0 ara d
082 1 4 _aط/ق
100 1 _aالشاروني، يعقوب
245 1 0 _aزهرة الفل /
264 1 _aالقاهرة :
_bدار نهضة مصر للطباعة والنشر والتوزيع،
_c[1995].
300 _a12ص
490 0 _aبابا... أحك لي حكاية
650 1 7 _aالقصص العربية
653 _aأطفال ما قبل المدرسة (0-5 سنوات)
700 1 _aخطاب، آمال
_eCart.
942 _2ddc
_cBK
999 _c42198
_d42198